Capitals-Multiple Choice - Statistics

General Stats
  • This quiz has been taken 26 times
  • The average score is 12 of 15
Answer Stats
Question Answer % Correct
Ukraine Kyiv
100%
United States Washington D.C
100%
Colombia Bogota
96%
Australia Canberra
96%
Libya Tripoli
96%
Romania Bucharest
88%
Saudi Arabia Riyadh
88%
East Timor Dili
81%
Laos Vientiane
77%
Guinea Conakry
73%
Yemen Sana'a
73%
Democratic Republic of the Congo Kinshasa
69%
South Africa (choose the NON capital) Johannesburg
62%
Botswana Gaborone
54%
Niger Niamey
31%
No matching quizzes found
Score Distribution
Percent of People with Each Score
Percentile by Number Answered
Your Score History
You have not taken this quiz